Billie Eilish - Male Fantasy Lyrics - Statistics

General Stats
  • This quiz has been taken 526 times
  • The average score is 162 of 191
Answer Stats
Answer % Correct
a
100%
I
99%
No
98%
to
98%
myself
97%
not
97%
the
97%
with
97%
alone
96%
trying
95%
Distract
94%
Home
94%
I'm
94%
por*******
94%
be
93%
Be
93%
eat
93%
hate
93%
at
92%
it
92%
know
92%
me
92%
she
92%
you
92%
and
91%
And
91%
way
91%
fantasy
90%
it's
90%
looks
90%
male
90%
then
88%
how
87%
love
87%
never
86%
but
85%
But
85%
do
85%
That
85%
when
85%
can't
84%
Can't
84%
now
84%
don't
83%
loved
83%
back
82%
get
82%
going
82%
We
81%
over
80%
all
79%
just
79%
stand
79%
therapy
79%
If
78%
getting
77%
girl
77%
hard
77%
is
77%
used
77%
were
77%
would
77%
call
75%
got
75%
satisfied
75%
this
75%
ago
74%
feel
74%
from
74%
years
74%
around
73%
gonna
73%
think
73%
about
72%
always
72%
'Cause
72%
comes
72%
nobody
72%
so
72%
pretending
71%
dialogue
70%
what
70%
could
69%
else
69%
Or
69%
or
69%
worry
67%
convince
66%
deal
66%
matter
66%
nothing
66%
alright
64%
behind
64%
wasn't
64%
wheel
63%
along
62%
lasts
62%
should
62%
Thought
62%
we'd
59%
inseparable
58%
Guess
44%
No matching quizzes found
Score Distribution
Percent of People with Each Score
Percentile by Number Answered
Your Score History
You have not taken this quiz